Les sciences sociales de l'environnement

Salvato in:
Dettagli Bibliografici
Natura: Libro
Lingua:Undetermined
Pubblicazione: Canada Les Presses de L'univ. de Montréal 1999
Soggetti:
Tags: Aggiungi Tag
Nessun Tag, puoi essere il primo ad aggiungerne! !
Thư viện lưu trữ: Trung tâm Học liệu Trường Đại học Cần Thơ
LEADER 00473nam a2200157Ia 4500
001 CTU_41683
008 210402s9999 xx 000 0 und d
082 |a 304.2 
082 |b S416 
245 0 |a Les sciences sociales de l'environnement 
260 |a Canada 
260 |b Les Presses de L'univ. de Montréal 
260 |c 1999 
650 |a environmental protection 
904 |i Nguyễn Quang Điền, 010604 
980 |a Trung tâm Học liệu Trường Đại học Cần Thơ